| 000 | 00571nam a2200205Ia 4500 | ||
|---|---|---|---|
| 003 | GCL | ||
| 005 | 20240530100206.0 | ||
| 008 | 140319s9999 xx 000 0 eng d | ||
| 040 |
_aGCL / _cGCL |
||
| 082 | 0 | 4 |
_a745.6 _bC A |
| 100 | 1 | _aCASTERA, JEAN - MARC | |
| 245 | 1 | 0 |
_aARABESQUES : DECORATIVE ART IN MOROCCO / _cCASTERA, JEAN - MARC |
| 260 |
_a[S.N] : _bA C R EDITION POCHE CORILOA |
||
| 650 | 0 | 4 | _aDECORATIVE ARTS |
| 650 | 0 | 4 | _aCASTER, JEAN - MARC |
| 650 | 0 | 4 | _aARABESQUES DECORATION |
| 650 | 0 | 4 | _aISLAMIC ORNAMENT |
| 650 | 0 | 4 | _aISLAM - ARTS |
| 942 |
_2ddc _cBK |
||
| 999 |
_c15010 _d15010 |
||